00540cam a22001337a 4500008004000000082001700040100002300057245015200080260003400232300000900266650005000275700006000325700002100385180718b1961 xxu||||| |||| 00| 0 eng d aC35x794 C128 aEngelbertm, Ernest aState constitutional revision in Californiacby Ernest A. Engelbert and John G. Gunnell and California. University. Bureau of Governmental Research aLos AngelesbThe Bureauc1961 a68p. aConstitutiona - Amendments - USA - California aCalifornia. University. Bureau of Governmental Research aGunnell, John G.